[Event "AUT-chT2O 2122"]
[Site "Austria"]
[Date "2022.01.16"]
[Round "4.4"]
[White "Lipka, Juraj"]
[Black "Juhasz, Agoston Botond"]
[Result "1/2-1/2"]
[WhiteElo "2407"]
[BlackElo "2380"]
[PlyCount "59"]
[EventDate "2021.10.16"]
[EventType "team-tourn"]
[EventRounds "11"]
[EventCountry "AUT"]
[SourceTitle "EXT 2023"]
[Source "ChessBase"]
[SourceDate "2022.10.05"]
[SourceVersion "1"]
[SourceVersionDate "2022.10.05"]
[SourceQuality "1"]
[WhiteTeam "Pamhagen II"]
[BlackTeam "Bad Voeslau"]
[WhiteTeamCountry "AUT"]
[BlackTeamCountry "AUT"]

1. d4 Nf6 2. c4 g6 3. g3 c6 4. Nc3 d5 5. cxd5 cxd5 6. Nh3 Nc6 7. Bg2 Bxh3 8. Bxh3 Bg7 9. 0-0 0-0 10. e3 e6 11. Qe2 Rc8 12. Bd2 Ne8 13. Rfc1 Nd6 14. Na4 b6 15. Bf1 Qd7 16. Qd1 Rc7 17. Rc2 Nc4 18. b3 Nxd2 19. Qxd2 Rfc8 20. Rac1 Nb8 21. Rxc7 Rxc7 22. Rxc7 Qxc7 23. Qc3 Qxc3 24. Nxc3 Bf8 25. Bb5 Bb4 26. Nb1 Kf8 27. Kf1 Ke7 28. Ke2 Nd7 29. Kd3 h5 30. f3 1/2-1/2

[Event "SVK-chT1W 1920"]
[Site "Slovakia"]
[Date "2019.12.08"]
[Round "6.1"]
[White "Lipka, Juraj"]
[Black "Kostolansky, Sebastian Lukas"]
[Result "1/2-1/2"]
[WhiteElo "2404"]
[BlackElo "2420"]
[PlyCount "31"]
[EventDate "2019.10.12"]
[EventType "team-tourn"]
[EventRounds "11"]
[EventCountry "SVK"]
[SourceTitle "CBM 193 Extra"]
[Source "ChessBase"]
[SourceDate "2020.01.31"]
[SourceVersion "1"]
[SourceVersionDate "2020.01.31"]
[SourceQuality "1"]
[WhiteTeam "Bratislava Lokomotiva"]
[BlackTeam "Bratislava Slovan II"]
[WhiteTeamCountry "SVK"]
[BlackTeamCountry "SVK"]

1. Nf3 Nf6 2. g3 g6 3. Bg2 Bg7 4. 0-0 0-0 5. d4 d6 6. Re1 Nbd7 7. e4 e5 8. c3 c6 9. Nbd2 Qc7 10. a4 b6 11. b3 Bb7 12. Ba3 c5 13. dxe5 dxe5 14. Nf1 b5 15. N3d2 Rfd8 16. Ne3 1/2-1/2

[Event "AUT-chT2O 1920"]
[Site "Austria"]
[Date "2019.12.07"]
[Round "5.1"]
[White "Lipka, Juraj"]
[Black "Pacher, Milan"]
[Result "1/2-1/2"]
[WhiteElo "2405"]
[BlackElo "2437"]
[PlyCount "60"]
[EventDate "2019.10.19"]
[EventType "team-tourn"]
[EventRounds "11"]
[EventCountry "AUT"]
[SourceTitle "CBM 193 Extra"]
[Source "ChessBase"]
[SourceDate "2020.01.31"]
[SourceVersion "1"]
[SourceVersionDate "2020.01.31"]
[SourceQuality "1"]
[WhiteTeam "Pamhagen"]
[BlackTeam "Wien Austria"]
[WhiteTeamCountry "AUT"]
[BlackTeamCountry "AUT"]

1. Nf3 d5 2. g3 Nf6 3. Bg2 e6 4. d4 Be7 5. 0-0 0-0 6. c4 dxc4 7. Qc2 a6 8. Qxc4 b5 9. Qc2 Bb7 10. Bg5 Nbd7 11. Bxf6 Nxf6 12. Nbd2 Rc8 13. Nb3 Be4 14. Qd2 c5 15. dxc5 Qxd2 16. Nfxd2 Bxg2 17. Kxg2 Bxc5 18. Nxc5 Rxc5 19. Rac1 Rfc8 20. Rxc5 Rxc5 21. Nb3 Rc2 22. Rc1 Rxc1 23. Nxc1 Kf8 24. Nd3 Nd7 25. e4 e5 26. Kf3 Ke7 27. Ke3 Kd6 28. Kd2 Nc5 29. Nxc5 Kxc5 30. Kc3 a5 1/2-1/2

[Event "SVK-chT1W 1819"]
[Site "Slovakia"]
[Date "2019.03.16"]
[Round "10.1"]
[White "Lipka, Juraj"]
[Black "Balazs, Gabor1111"]
[Result "1-0"]
[WhiteElo "2412"]
[BlackElo "2396"]
[PlyCount "77"]
[EventDate "2018.10.27"]
[EventType "team-tourn"]
[EventRounds "11"]
[EventCountry "SVK"]
[SourceTitle "CBM 189 Extra"]
[Source "ChessBase"]
[SourceDate "2019.06.03"]
[SourceVersion "1"]
[SourceVersionDate "2019.06.03"]
[SourceQuality "1"]
[WhiteTeam "Bratislava Lokomotiva"]
[BlackTeam "Dunajska Streda"]
[WhiteTeamCountry "SVK"]
[BlackTeamCountry "SVK"]

1. Nf3 d5 2. d4 Nf6 3. c4 c6 4. cxd5 cxd5 5. Nc3 Nc6 6. Bf4 a6 7. Rc1 Bf5 8. Ne5 Nxe5 9. Bxe5 Rc8 10. Qb3 Qd7 11. e3 e6 12. Be2 Ne4 13. f3 Nd6 14. Kf2 Nc4 15. Rhd1 Bg6 16. Bg3 Rc6 17. e4 Rb6 18. Bxc4 Rxb3 19. Bxb3 Bd6 20. exd5 Bxg3+ 21. hxg3 0-0 22. dxe6 fxe6 23. d5 e5 24. d6+ Bf7 25. Bxf7+ Kxf7 26. Ne4 Qb5 27. b3 Rd8 28. Rc5 Qb4 29. Rxe5 Rc8 30. d7 Qb6+ 31. Kf1 Rd8 32. Rd6 Qb4 33. Ng5+ Kf8 34. Rde6 g6 35. Re8+ Kg7 36. R5e7+ Qxe7 37. Rxe7+ Kf6 38. Re8 Rxd7 39. Ne4+ 1-0

[Event "AUT-chT2O 1819"]
[Site "Austria"]
[Date "2019.01.12"]
[Round "6.1"]
[White "Stohl, Igor"]
[Black "Lipka, Juraj"]
[Result "1-0"]
[WhiteElo "2500"]
[BlackElo "2426"]
[PlyCount "113"]
[EventDate "2018.10.06"]
[EventType "team-tourn"]
[EventRounds "11"]
[EventCountry "AUT"]
[SourceTitle "CBM 189 Extra"]
[Source "ChessBase"]
[SourceDate "2019.06.03"]
[SourceVersion "1"]
[SourceVersionDate "2019.06.03"]
[SourceQuality "1"]
[WhiteTeam "Wien Ottakring"]
[BlackTeam "Pamhagen"]
[WhiteTeamCountry "AUT"]
[BlackTeamCountry "AUT"]

1. d4 d5 2. c4 c6 3. Nf3 Nf6 4. e3 Bg4 5. h3 Bf5 6. g4 Bg6 7. Ne5 e6 8. Nd2 Nfd7 9. Nxg6 hxg6 10. Bg2 Na6 11. 0-0 Be7 12. e4 dxe4 13. Nxe4 0-0 14. d5 cxd5 15. cxd5 exd5 16. Qxd5 Ndc5 17. Nxc5 Qxd5 18. Bxd5 Nxc5 19. Be3 Rac8 20. Rfd1 b6 21. b4 Na4 22. Bb3 Nc3 23. Rd7 Bxb4 24. Rxa7 Ba5 25. Kg2 Rcd8 26. Rc1 Nb5 27. Re7 Nd4 28. Bxd4 Rxd4 29. Rcc7 Rf4 30. g5 Bb4 31. Red7 Bc5 32. f3 Be3 33. Re7 Bc5 34. Red7 Be3 35. Rb7 Bd4 36. Kg3 Be5 37. Kg2 Bd4 38. Bd5 Kh7 39. Be4 Be5 40. Rxb6 Rc8 41. a4 f5 42. gxf6 Rxf6 43. Rxf6 Bxf6 44. a5 Rd8 45. Rxd8 Bxd8 46. a6 Bb6 47. Kg3 Be3 48. Kg2 Kh6 49. Kf1 Kg5 50. Ke2 Bg1 51. Kd3 Kf4 52. Kc4 Kg3 53. Kd5 g5 54. Kc6 g6 55. Kb7 Kxh3 56. Bxg6 g4 57. Bf5 1-0

[Event "AUT-chT2O 1718"]
[Site "Austria"]
[Date "2018.02.25"]
[Round "9.6"]
[White "Lipka, Juraj"]
[Black "Juhasz, Kristof"]
[Result "1/2-1/2"]
[WhiteElo "2415"]
[BlackElo "2393"]
[PlyCount "33"]
[EventDate "2017.10.21"]
[EventType "team-tourn"]
[EventRounds "11"]
[EventCountry "AUT"]
[SourceTitle "EXT 2019"]
[Source "ChessBase"]
[SourceDate "2018.10.10"]
[SourceVersion "1"]
[SourceVersionDate "2018.10.10"]
[SourceQuality "1"]
[WhiteTeam "Pamhagen II"]
[BlackTeam "Bad Voeslau"]
[WhiteTeamCountry "AUT"]
[BlackTeamCountry "AUT"]

1. Nf3 d5 2. g3 Nf6 3. Bg2 c6 4. 0-0 Bg4 5. d3 Nbd7 6. h3 Bxf3 7. exf3 e5 8. f4 exf4 9. Bxf4 Be7 10. c4 Nc5 11. Nc3 dxc4 12. dxc4 0-0 13. Be3 Ne6 14. Ne4 Nxe4 15. Bxe4 Qxd1 16. Raxd1 Bc5 17. Bxc5 1/2-1/2

[Event "SVK-chT1W 1718"]
[Site "Slovakia"]
[Date "2017.12.03"]
[Round "6.1"]
[White "Zetocha, Claudiu"]
[Black "Lipka, Juraj"]
[Result "1/2-1/2"]
[WhiteElo "2359"]
[BlackElo "2411"]
[PlyCount "68"]
[EventDate "2017.10.21"]
[EventType "team-tourn"]
[EventRounds "11"]
[EventCountry "SVK"]
[SourceTitle "EXT 2019"]
[Source "ChessBase"]
[SourceDate "2018.10.10"]
[SourceVersion "1"]
[SourceVersionDate "2018.10.10"]
[SourceQuality "1"]
[WhiteTeam "Bratislava Slovan II"]
[BlackTeam "Bratislava Lokomotiva"]
[WhiteTeamCountry "SVK"]
[BlackTeamCountry "SVK"]

1. c4 e6 2. Nc3 d5 3. cxd5 exd5 4. d4 c6 5. Nf3 Nf6 6. Bg5 h6 7. Bh4 Bf5 8. Qb3 g5 9. Bg3 Qb6 10. Nd2 Nbd7 11. e3 Nh5 12. Na4 Qxb3 13. Nxb3 Nxg3 14. hxg3 Bb4+ 15. Kd1 Nf6 16. Be2 Ne4 17. Rf1 b6 18. Rc1 Kd7 19. a3 Bd6 20. Nd2 h5 21. Nxe4 Bxe4 22. Rg1 Rh6 23. Nc3 Bf5 24. Kd2 h4 25. g4 Be6 26. Rcf1 f5 27. gxf5 Bxf5 28. Bd3 Be6 29. f3 Be7 30. e4 h3 31. gxh3 Rxh3 32. exd5 cxd5 33. f4 gxf4 34. Rxf4 Rf8 1/2-1/2